000 00707nam a22002297a 4500
005 20251108173411.0
008 250721s2006 xx 000 0 ara d
020 _a9957074504
082 1 4 _a649.1/ رعا
100 1 _aعمور، اميمه عمور
245 1 0 _aالرعايه الأسرية و المؤسسية للأطفال /
264 1 _aعمان :
_bدار الفكر،
_c2006.
300 _a303ص.
650 1 7 _aرعاية الطفولة
650 1 7 _aالأسرة
650 1 7 _aالمؤسسات الاجتماعية
700 1 _aأبو رياش، حسين
700 1 _aالصافي، عبد الحكيم
700 1 _aشريف، سليم
942 _2ddc
_cBK
999 _c102987
_d102987